000 00705nam a2200289Ia 4500
005 20260324141649.0
008 008 260324s9999 xx 000 0 eng d
020 _a9781315806488
037 _aEBOOK
040 _aCRL
040 _beng
040 _cCRL
041 _2eng
041 _aeng
084 _qCRL
100 _aMaria A. Brandimonte; Mark A. McDaniel; Gilles O. Einstein
_91209034
245 0 _aProspective Memory
245 0 _bTheory and Applications
260 _bTaylor and Francis
260 _c1996
365 _a
365 _b255
856 _uhttp://www.taylorfrancis.com/books/9781315806488
942 _cEBOOK
999 _c1812371
_d1812371